Central Library OPAC University of Rajshahi

The chemistry of the vitamins / (Record no. 13877)

MARC details
000 -LEADER
fixed length control field 00990cam a2200289 4500
001 - CONTROL NUMBER
control field 13877
003 - CONTROL NUMBER IDENTIFIER
rucl marc code BD-RjUL
005 - DATE AND TIME OF LATEST TRANSACTION
control field 20211208235529.0
008 - FIXED-LENGTH DATA ELEMENTS--GENERAL INFORMATION
fixed length control field 140202t1965 enka b 001 0 eng
035 ## - SYSTEM CONTROL NUMBER
System control number (OCoLC)ocm00373719
System control number (BD-RjUL) 13929
040 ## - CATALOGING SOURCE
Original cataloging agency DLC
Transcribing agency OUN
Modifying agency OCL
-- UKM
-- ZCH
-- BD-RjUL
Language of cataloging eng
041 ## - LANGUAGE CODE
Language code of text/sound track or separate title eng
082 00 - DEWEY DECIMAL CLASSIFICATION NUMBER
Classification number 591.1926
Edition number 16
Author mark and year DYC 1965
100 1# - MAIN ENTRY--PERSONAL NAME
Personal name Dyke, S. F.
Fuller form of name (Stanley Frederick)
9 (RLIN) 29376
245 14 - TITLE STATEMENT
Title The chemistry of the vitamins /
Statement of responsibility, etc. by S.F. Dyke.
260 ## - PUBLICATION, DISTRIBUTION, ETC. (IMPRINT)
Place of publication, distribution, etc. London ;
-- New York :
Name of publisher, distributor, etc. Interscience Publishers,
Date of publication, distribution, etc. c1965.
300 ## - PHYSICAL DESCRIPTION
Pagination 363 p. :
Illustrations illus. ;
Size 24 cm.
490 1# - SERIES STATEMENT
Series statement The Chemistry of natural products: a series of texts on the constitution of natural products,
Volume/sequential designation v. 6
504 ## - BIBLIOGRAPHY, ETC. NOTE
Bibliography, etc Includes bibliographical reference and index.
650 #0 - SUBJECT ADDED ENTRY--TOPICAL TERM
Topical term or geographic name as entry element Vitamins.
9 (RLIN) 43374
830 #0 - SERIES ADDED ENTRY--UNIFORM TITLE
Volume number/sequential designation v. 6.
Uniform title Chemistry of natural products (Interscience Publishers) ;
942 ## - ADDED ENTRY ELEMENTS (KOHA)
Source of classification or shelving scheme Dewey Decimal Classification
Koha item type Books
Holdings
Lost status Source of classification or shelving scheme Damaged status Not for loan Collection code Permanent Location Current Location Shelving location Date acquired Source of acquisition Cost, normal purchase price Total Checkouts Full call number Date last seen Copy number Koha item type
  Dewey Decimal Classification     Non-fiction Central Library, University of Rajshahi Central Library, University of Rajshahi   26/05/1970 Zeitlinger 75.00   591.1926 DYC 1965 02/02/2014 C-3 Books